| Tag |
First Indicator |
Second Indicator |
Subfields |
| LEADER |
00000cam a2200000La 4500 |
| 001 |
in00001585421 |
| 005 |
20220103183236.0 |
| 006 |
m u |
| 007 |
cr cn- |
| 008 |
001006s1990 nyu sb s001 0 eng d |
| 020 |
|
|
|a 0585091161 (electronic bk.)
|
| 035 |
|
|
|a (OCoLC)ocm42636917
|
| 040 |
|
|
|a N$T
|c N$T
|d OCL
|d OCLCQ
|d UtOrBLW
|
| 049 |
|
|
|a IICC
|
| 050 |
1 |
4 |
|a BF1078
|b .F82 1990eb
|
| 082 |
0 |
4 |
|a 154.6/34/092
|2 20
|
| 100 |
1 |
|
|a Frieden, Ken,
|d 1955-
|0 http://id.loc.gov/authorities/names/n85051791
|
| 245 |
1 |
0 |
|a Freud's dream of interpretation /
|c Ken Frieden ; foreword by Harold Bloom.
|
| 264 |
|
1 |
|a Albany :
|b State University of New York Press,
|c [1990]
|
| 264 |
|
4 |
|c ©1990
|
| 300 |
|
|
|a xii, 159 pages :
|b 24 cm.
|
| 336 |
|
|
|a text
|b txt
|2 rdacontent
|
| 337 |
|
|
|a computer
|b c
|2 rdamedia
|
| 338 |
|
|
|a online resource
|b cr
|2 rdacarrier
|
| 490 |
1 |
|
|a SUNY series in modern Jewish literature and culture
|
| 504 |
|
|
|a Includes bibliographical references (pages 139-150).
|
| 500 |
|
|
|a Includes indexes.
|
| 533 |
|
|
|a Electronic reproduction.
|b Boulder, Colo. :
|c NetLibrary,
|d 1999.
|n Available via the World Wide Web.
|n Available in multiple electronic file formats.
|n Access may be limited to NetLibrary affiliated libraries.
|
| 500 |
|
|
|a Electronic resource.
|
| 600 |
1 |
0 |
|a Freud, Sigmund,
|d 1856-1939.
|0 http://id.loc.gov/authorities/names/n79043849
|
| 650 |
|
0 |
|a Dream interpretation
|x History.
|
| 650 |
|
0 |
|a Dreams
|x History.
|0 http://id.loc.gov/authorities/subjects/sh2009123808
|
| 650 |
|
0 |
|a Dreams
|x Religious aspects
|x Judaism
|x History of doctrines.
|
| 650 |
|
0 |
|a Dreams in the Bible.
|0 http://id.loc.gov/authorities/subjects/sh85039488
|
| 650 |
|
0 |
|a Judaism and psychoanalysis
|x History.
|
| 600 |
1 |
2 |
|a Freud, Sigmund,
|d 1856-1939.
|0 http://id.loc.gov/authorities/names/n79043849
|
| 650 |
|
2 |
|a Dreams
|x psychology.
|0 https://id.nlm.nih.gov/mesh/D004325Q000523
|
| 650 |
|
2 |
|a Judaism
|x history.
|0 https://id.nlm.nih.gov/mesh/D007599Q000266
|
| 650 |
|
2 |
|a Psychoanalytic Theory.
|0 https://id.nlm.nih.gov/mesh/D011574
|
| 650 |
|
2 |
|a Religion and Medicine.
|0 https://id.nlm.nih.gov/mesh/D012068
|
| 655 |
|
7 |
|a Electronic books.
|2 local
|
| 710 |
2 |
|
|a NetLibrary, Inc.
|0 http://id.loc.gov/authorities/names/no99080690
|
| 776 |
1 |
|
|c Original
|z 0791401243
|w (DLC) 89004597
|w (OCoLC)19629360
|
| 830 |
|
0 |
|a SUNY series in modern Jewish literature and culture.
|0 http://id.loc.gov/authorities/names/n42024160
|
| 856 |
4 |
1 |
|u https://proxy.library.tamu.edu/login?url=http://www.netlibrary.com/urlapi.asp?action=summary&v=1&bookid=7334
|z Connect to the full text of this electronic book
|t 0
|
| 994 |
|
|
|a 92
|b IIC
|
| 999 |
|
|
|a MARS
|
| 999 |
f |
f |
|s 2c62a194-6b3f-3ee9-96e9-fc2e2763a2ef
|i ad347b2b-62a3-379a-9cc6-ae3aa576eea2
|t 0
|
| 952 |
f |
f |
|a Texas A&M University
|b College Station
|c Electronic Resources
|d Available Online
|t 0
|e BF1078 .F82 1990eb
|h Library of Congress classification
|
| 998 |
f |
f |
|a BF1078 .F82 1990eb
|t 0
|l Available Online
|